Was it Built Before or After 1700 AD? Quiz Stats

 Plays Quiz Updated Sep 14, 2018

Score 0/20 Timer 03:00
0 Plays Today
Building (B) or (A) % Correct
United States Capitol???
90.1%
Forbidden City???
86.9%
Notre-Dame de Paris???
83.9%
Leaning Tower of Pisa???
83%
Independence Hall???
83%
Florence Cathedral???
81.9%
Edo Castle???
78.5%
Sultan Ahmed Mosque???
77.3%
Arc de Triomphe???
73.8%
Brandenburg Gate???
72.3%
Building (B) or (A) % Correct
Taj Mahal???
70.9%
Saint Basil's Cathedral???
68.9%
Charles Bridge (Prague)???
62.1%
Massachusetts Hall (Harvard Univ)???
60.6%
Faneuil Hall???
60.2%
Clock Tower at Palace of Westminster ???
57.3%
Winter Palace (St. Petersburg)???
55.8%
Louvre Palace???
52.8%
Neuschwanstein Castle???
46.4%
Teatro alla Scala (Milan)???
42.4%

You're not logged in!

Compare scores with friends on all Sporcle quizzes.
OR
Log In

Sporcle TV

Today on Sporcle TV


Watch our educational content, quiz creation guides, and fun videos on Sporcle TV.

Show Comments

Extras

Top Quizzes Today


Score Distribution

Your Account Isn't Verified!

In order to create a playlist on Sporcle, you need to verify the email address you used during registration. Go to your Sporcle Settings to finish the process.

Report this User

Report this user for behavior that violates our Community Guidelines.

Details: